jedi and sith character quiz - Statistics

General Stats
  • This quiz has been taken 91 times
  • The average score is 13 of 32
Answer Stats
Answer % Correct
anakin
93%
obi-wan
88%
mace windu
84%
yoda
84%
darth vader
81%
darth maul
79%
luke
75%
palpatine
70%
qui-gon
66%
count dooku
64%
plo koon
60%
ki-adi-mundi
54%
kit fisto
52%
kylo ren
48%
rey
46%
aayla secura
42%
shaak ti
37%
yaddle
37%
luminara
36%
coleman trebor
15%
eeth koth
15%
adi gallia
13%
oppo rancis
12%
saesee tiin
10%
yarael poof
10%
agen kolar
7%
barriss offee
7%
cin drallig
4%
even piell
3%
stass allie
3%
zett
3%
bultar swan
0%
No matching quizzes found
Score Distribution
Percent of People with Each Score
Percentile by Number Answered
Your Score History
You have not taken this quiz